Problem of crime punishment and justice (Record no. 339737)

000 -LEADER
fixed length control field 00358cam a22001217a 4500
008 - FIXED-LENGTH DATA ELEMENTS--GENERAL INFORMATION
fixed length control field 180718b1992 xxu||||| |||| 00| 0 eng d
082 ## - DEWEY DECIMAL CLASSIFICATION NUMBER
Classification number Q8 B469
100 ## - MAIN ENTRY--PERSONAL NAME
Personal name Bhandari, D.R.
245 ## - TITLE STATEMENT
Title Problem of crime punishment and justice
Statement of responsibility, etc. by D.R. Bhandari
260 ## - PUBLICATION, DISTRIBUTION, ETC.
Place of publication, distribution, etc. Jodhpur
Name of publisher, distributor, etc. Books Treasure
Date of publication, distribution, etc. 1992
300 ## - PHYSICAL DESCRIPTION
Extent 225p.
650 ## - SUBJECT ADDED ENTRY--TOPICAL TERM
Topical term or geographic name entry element Criminal justice, Administration of
Holdings
Withdrawn status Lost status Damaged status Not for loan Permanent Location Current Location Date acquired Full call number Barcode Date last seen Price effective from Koha item type
        Indian Institute of Public Administration Indian Institute of Public Administration 1993-07-15 Q8 B469 66931 2018-07-21 2018-07-21 Book

Powered by Koha